[Event "Bohumin op-B 7th"]
[Site "Bohumin"]
[Date "2024.06.29"]
[Round "1"]
[White "Boff, Arnost"]
[Black "Maroszczyk, Wieslaw"]
[Result "0-1"]
[WhiteElo "1561"]
[BlackElo "1853"]
[PlyCount "102"]
[EventDate "2024.06.29"]
[EventType "swiss"]
[EventRounds "9"]
[EventCountry "CZE"]
[SourceTitle "CBM 221 Extra"]
[Source "ChessBase"]
[SourceDate "2024.09.30"]
[SourceVersion "1"]
[SourceVersionDate "2024.09.30"]
[SourceQuality "1"]

1. e4 c5 2. Nf3 e6 3. Bb5 a6 4. Be2 Nc6 5. c4 Qc7 6. d3 Nf6 7. Nc3 Be7 8. 0-0 0-0 9. Bd2 b6 10. Qc1 Bb7 11. Bf4 d6 12. Bg5 Rad8 13. Qf4 Ne8 14. Qh4 h6 15. Bxe7 Qxe7 16. Qxe7 Nxe7 17. Na4 b5 18. cxb5 axb5 19. Nc3 Nc7 20. Nd2 Nc6 21. a4 bxa4 22. Nxa4 Nd4 23. Bg4 Bc6 24. Nb6 Rb8 25. Nbc4 d5 26. exd5 exd5 27. Ne5 Rxb2 28. Ndf3 Nxf3+ 29. Bxf3 Bb5 30. Rfd1 Re8 31. Ng4 d4 32. h3 h5 33. Nh2 g6 34. Ra7 Ne6 35. Rb7 Rb3 36. Be4 c4 37. dxc4 Bxc4 38. Rb1 Rxb1+ 39. Rxb1 Ng5 40. Bc6 Rd8 41. Rc1 Be2 42. Ba4 d3 43. Re1 Ne4 44. Nf1 Nc3 45. Ng3 Nxa4 46. Nxe2 d2 47. Rd1 Nb2 48. Nc3 Nxd1 49. Nxd1 Re8 50. Ne3 Rxe3 51. fxe3 d1Q+ 0-1